| 000 | 00564nam a2200193Ia 4500 | ||
|---|---|---|---|
| 005 | 20260429112032.0 | ||
| 008 | 260429s9999||||xx |||||||||||||| ||und|| | ||
| 020 | _a9781804897645 | ||
| 041 | _aEnglish | ||
| 082 |
_a620.11 _bCAR |
||
| 100 | _aCarter, Candice | ||
| 245 | 0 |
_aAdvances in materials science : _bcomposites and nanocomposites / _cCandice Carter |
|
| 260 |
_aUnited Kingdom : _bBrilliant Publication Ltd. , _c2026. |
||
| 300 | _ax, 278 p.; hb | ||
| 650 | _a Composites | ||
| 650 | _a Nanocomposites | ||
| 650 | _aMaterials science | ||
| 942 | _cTB | ||
| 999 |
_c52012 _d52012 |
||